[Event "V Campeonato de España de Ajedrez por E"]
[Site "Gran Hotel Bali, Benidorm"]
[Date "2012.12.09"]
[Round "6"]
[White "Martin Perez, Laura"]
[Black "Lopez Martin, Jaime"]
[Result "1-0"]
[WhiteElo "2003"]
[BlackElo "1816"]
[PlyCount "95"]
[EventDate "2012.12.06"]
[EventType "team"]
[EventRounds "6"]
[EventCountry "ESP"]
[WhiteTeam "C.E. LLINARS"]
[BlackTeam "CLUB DE AJEDREZ DE BARGAS"]

1. e4 d6 2. d4 g6 3. Nc3 Bg7 4. Be3 Nf6 5. f3 Nbd7 6. Qd2 c6 7. Bh6 Bxh6 8.
Qxh6 Qb6 9. O-O-O c5 10. Nge2 cxd4 11. Nxd4 Ne5 12. h3 Nc6 13. Nb3 Be6 14. Qg5
O-O-O 15. Kb1 Kb8 16. Be2 Bxb3 17. axb3 Rc8 18. Rd2 h6 19. Qb5 Qxb5 20. Bxb5 a6
21. Be2 g5 22. h4 Nh5 23. Nd5 Rcg8 24. Bd1 Nf4 25. Ne3 Kc7 26. g3 Nh5 27. Nd5+
Kd7 28. hxg5 Nxg3 29. Rxh6 Rxh6 30. gxh6 Nh5 31. Rh2 Nf6 32. Nxf6+ exf6 33. f4
Ke7 34. c3 Nd8 35. h7 Rh8 36. Bg4 Ne6 37. Bxe6 fxe6 38. Kc2 Kf7 39. Kd3 Kg7 40.
f5 exf5 41. exf5 Rxh7 42. Rxh7+ Kxh7 43. Ke4 Kh6 44. Kd5 Kg5 45. Ke6 d5 46. b4
b6 47. b5 axb5 48. b4 1-0

[Event "V Campeonato de España de Ajedrez por E"]
[Site "Gran Hotel Bali, Benidorm"]
[Date "2012.12.09"]
[Round "6"]
[White "Gutierrez Sanchez, Daniel"]
[Black "Hernandez Mateo, Borja"]
[Result "0-1"]
[WhiteElo "1838"]
[BlackElo "1783"]
[PlyCount "148"]
[EventDate "2012.12.06"]
[EventType "team"]
[EventRounds "6"]
[EventCountry "ESP"]
[WhiteTeam "C.E. LLINARS"]
[BlackTeam "CLUB DE AJEDREZ DE BARGAS"]

1. e4 c5 2. Nf3 d6 3. d4 cxd4 4. Nxd4 Nf6 5. Nc3 a6 6. Be3 e6 7. f3 Be7 8. Qd2
O-O 9. g4 b5 10. O-O-O Bb7 11. Qf2 Nbd7 12. h4 Qa5 13. Nb3 Qc7 14. h5 Rac8 15.
g5 Ne8 16. g6 Bf6 17. h6 fxg6 18. Bh3 b4 19. Bxe6+ Kh8 20. Na4 Rd8 21. Qh2 Ne5
22. f4 Nf3 23. Qh3 Bxe4 24. hxg7+ Qxg7 25. Rhf1 Qc7 26. Rf2 Nh4 27. Bb6 Qe7 28.
Bxd8 Qxd8 29. Nac5 Bf5 30. Bxf5 Nxf5 31. Ne6 Qe7 32. Nxf8 Qxf8 33. Re1 Nc7 34.
Rfe2 Kg8 35. c3 bxc3 36. bxc3 d5 37. Qd3 Qd6 38. c4 Qxf4+ 39. Qd2 Qxc4+ 40. Qc2
Qf4+ 41. Kb1 Nb5 42. Qc8+ Kg7 43. Qb7+ Kh6 44. Qxa6 Nc3+ 45. Kc2 Nxe2 46. Rxe2
Qf3 47. Qd3 Qf4 48. Qh3+ Kg7 49. Qd3 Kh6 50. Qh3+ Kg7 51. Qd3 Qc4+ 52. Qxc4
dxc4 53. Rh2 cxb3+ 54. axb3 Be5 55. Rh1 h5 56. Kd3 h4 57. b4 g5 58. Rf1 Kg6 59.
Re1 Bf4 60. Re6+ Kh5 61. Ke4 Kg4 62. b5 h3 63. Ra6 h2 64. Ra1 h1=Q+ 65. Rxh1
Ng3+ 66. Kd3 Nxh1 67. Ke2 Kh3 68. b6 g4 69. Kf1 Ng3+ 70. Kf2 Ne4+ 71. Kg1 g3
72. b7 Bb8 73. Kf1 g2+ 74. Kg1 Ba7# 0-1

[Event "V Campeonato de España de Ajedrez por E"]
[Site "Gran Hotel Bali, Benidorm"]
[Date "2012.12.09"]
[Round "6"]
[White "Bustos Bernardo, Samuel"]
[Black "Lafuente Calvillo, Andrea"]
[Result "1-0"]
[WhiteElo "1617"]
[BlackElo "1758"]
[PlyCount "139"]
[EventDate "2012.12.06"]
[EventType "team"]
[EventRounds "6"]
[EventCountry "ESP"]
[WhiteTeam "CLUB DE AJEDREZ DE BARGAS"]
[BlackTeam "C.E. LLINARS"]

1. d4 d5 2. c4 e6 3. Nc3 Be7 4. Nf3 Nf6 5. Bg5 O-O 6. e3 h6 7. Bh4 b6 8. Bd3
dxc4 9. Bxc4 Bb7 10. O-O Nbd7 11. Qe2 Ne4 12. Bxe7 Qxe7 13. Nxe4 Bxe4 14. Rac1
Bb7 15. Ba6 Bxa6 16. Qxa6 c5 17. Rfd1 Rfd8 18. b4 Rdc8 19. Rd2 Rc7 20. Rdc2
Rac8 21. bxc5 bxc5 22. Qa3 Qd6 23. Rc4 Qb6 24. Qc3 a5 25. Qc2 Rc6 26. Qa4 Qa7
27. Qc2 Qa6 28. Nd2 Rb8 29. Nb3 Qa7 30. g3 Rbc8 31. Nxc5 Qc7 32. Qc3 Nb6 33.
Qxa5 Nxc4 34. Qxc7 R8xc7 35. Rxc4 Ra7 36. a4 Ra5 37. Rb4 Rc8 38. Kf1 Rca8 39.
Ke2 e5 40. Kd3 exd4 41. exd4 Kf8 42. Kc4 R5a7 43. Kb3 Rd8 44. Kc4 Ke8 45. Rb5
Rd6 46. a5 Rc7 47. Rb6 Rd8 48. a6 Ra8 49. Kb5 Rd8 50. Rb7 Rcc8 51. a7 Rxd4 52.
Rb8 Rdd8 53. Rxc8 Rxc8 54. Kb6 Ra8 55. Kb7 Rxa7+ 56. Kxa7 Ke7 57. Nd3 Kf6 58.
Kb6 Kf5 59. f3 g5 60. g4+ Ke6 61. Kc5 f5 62. Kd4 Kf6 63. Kd5 f4 64. Kd6 Kf7 65.
Ke5 Kg6 66. Ke6 h5 67. h3 Kg7 68. Kf5 Kh6 69. Kf6 hxg4 70. hxg4 1-0

[Event "V Campeonato de España de Ajedrez por E"]
[Site "Gran Hotel Bali, Benidorm"]
[Date "2012.12.09"]
[Round "6"]
[White "Suarez Gomez, Julio"]
[Black "Vinuela Diaz, Saul"]
[Result "1-0"]
[WhiteElo "2093"]
[BlackElo "1935"]
[PlyCount "73"]
[EventDate "2012.12.06"]
[EventType "team"]
[EventRounds "6"]
[EventCountry "ESP"]
[WhiteTeam "C.X.F. VIAJES INTERRIAS SANXENXO"]
[BlackTeam "GRUPO 64"]

1. e4 c6 2. d4 d5 3. exd5 cxd5 4. Bd3 Nf6 5. h3 e6 6. Nf3 h6 7. O-O Bd6 8. Re1
O-O 9. c3 b6 10. Ne5 Ba6 11. Bc2 Qc7 12. Bf4 Nbd7 13. Nd2 Rfc8 14. Rc1 Rab8 15.
Qf3 Nf8 16. Bxh6 Bxe5 17. dxe5 Ne8 18. Be3 Qe7 19. Qg3 Rc7 20. Nf3 Rbc8 21. Bd4
g6 22. Nh2 Ng7 23. Ng4 Nh5 24. Qe3 Nh7 25. Nf6+ N5xf6 26. exf6 Qf8 27. h4 Rc6
28. Qf4 b5 29. a3 Bb7 30. Re5 Qd8 31. Bxg6 fxg6 32. f7+ Kf8 33. Qh6+ Ke7 34.
Qxh7 Rc4 35. Rce1 Qf8 36. Rxe6+ Kd7 37. Re8 1-0

[Event "V Campeonato de España de Ajedrez por E"]
[Site "Gran Hotel Bali, Benidorm"]
[Date "2012.12.09"]
[Round "6"]
[White "Villarroya Pique, Alberto"]
[Black "Segura Santos, Luis"]
[Result "0-1"]
[WhiteElo "1652"]
[BlackElo "1955"]
[PlyCount "57"]
[EventDate "2012.12.06"]
[EventType "team"]
[EventRounds "6"]
[EventCountry "ESP"]
[WhiteTeam "GRUPO 64"]
[BlackTeam "C.X.F. VIAJES INTERRIAS SANXENXO"]

1. d4 d5 2. Bf4 Nf6 3. e3 c5 4. c3 Nc6 5. Nd2 e6 6. Be2 Bd6 7. Bg3 O-O 8. Ngf3
Re8 9. O-O e5 10. dxe5 Nxe5 11. Nxe5 Bxe5 12. Bxe5 Rxe5 13. Nf3 Re8 14. Qc2 Qe7
15. Rfd1 h6 16. Rd2 Be6 17. Rad1 Ne4 18. Rd3 Rac8 19. c4 dxc4 20. Ra3 Bf5 21.
Qxc4 a6 22. Qc1 Red8 23. Rad3 b5 24. Rxd8+ Rxd8 25. b3 Rd6 26. Rxd6 Qxd6 27.
Nh4 Bh7 28. Nf3 g5 29. Ne1 0-1

[Event "V Campeonato de España de Ajedrez por E"]
[Site "Gran Hotel Bali, Benidorm"]
[Date "2012.12.09"]
[Round "6"]
[White "Abal Cores, Lucas"]
[Black "Runza Rodriguez, David"]
[Result "1-0"]
[WhiteElo "1965"]
[BlackElo "1596"]
[PlyCount "91"]
[EventDate "2012.12.06"]
[EventType "team"]
[EventRounds "6"]
[EventCountry "ESP"]
[WhiteTeam "C.X.F. VIAJES INTERRIAS SANXENXO"]
[BlackTeam "GRUPO 64"]

1. e4 e5 2. Nf3 Nc6 3. d4 exd4 4. Bc4 Nf6 5. e5 d5 6. Bb5 Ne4 7. Nxd4 Bd7 8.
Bxc6 Bxc6 9. Nxc6 bxc6 10. O-O Bc5 11. Nd2 Nxd2 12. Bxd2 Qd7 13. Qe2 O-O 14.
Rae1 Rfe8 15. Qd3 Qe6 16. Kh1 f6 17. f4 f5 18. b3 Rad8 19. Re2 Rd7 20. Rd1 Red8
21. Be1 Bb6 22. a4 a5 23. Qa6 d4 24. Rd3 Rd5 25. Bf2 Re8 26. Qc4 c5 27. h3 Red8
28. g3 Kf7 29. Kg2 Kf8 30. Re1 Qc6 31. Kh2 Qe6 32. Red1 Kf7 33. Be1 Ra8 34. g4
g6 35. Bh4 Kg7 36. gxf5 gxf5 37. Rg1+ Kf8 38. Rdg3 c6 39. Qd3 Ra7 40. Bf6 Bd8
41. Bg7+ Ke8 42. Qf3 Rf7 43. Qh5 Kd7 44. Qxh7 Kc7 45. Rg6 Qd7 46. e6 1-0

[Event "V Campeonato de España de Ajedrez por E"]
[Site "Gran Hotel Bali, Benidorm"]
[Date "2012.12.09"]
[Round "6"]
[White "Yanes Crespo, Javier"]
[Black "Bayon Rolo, Juan Andres"]
[Result "1/2-1/2"]
[WhiteElo "1620"]
[BlackElo "1637"]
[PlyCount "125"]
[EventDate "2012.12.06"]
[EventType "team"]
[EventRounds "6"]
[EventCountry "ESP"]
[WhiteTeam "GRUPO 64"]
[BlackTeam "C.X.F. VIAJES INTERRIAS SANXENXO"]

1. d4 d5 2. Bf4 Nf6 3. e3 e6 4. Nd2 c5 5. c3 Nbd7 6. h3 Be7 7. Ngf3 O-O 8. Bd3
b6 9. O-O Bb7 10. Ne5 Nxe5 11. dxe5 Ne4 12. Nxe4 dxe4 13. Bc2 Qc7 14. Qg4 Rfd8
15. Bh6 Qxe5 16. Bf4 Qf5 17. Qe2 Qd5 18. Rfd1 Qc6 19. c4 Qe8 20. Be5 f6 21. Bc3
Qg6 22. Rxd8+ Rxd8 23. Rd1 Rxd1+ 24. Qxd1 Qe8 25. Qg4 Qc6 26. Qf4 Qd6 27. Qg4
Qc6 28. Qh5 a6 29. b3 b5 30. Qe2 bxc4 31. bxc4 e5 32. Qg4 Bd8 33. Qd1 Qc7 34.
Qb1 f5 35. Qb2 Bf6 36. Ba4 Bc8 37. Qd2 Kf8 38. Ba5 Qe7 39. Bc6 g6 40. Bd5 Kg7
41. Bb6 Qd6 42. Qa5 Be7 43. Bc7 Qf6 44. Qc3 Bd6 45. Qa5 Qe7 46. Bd8 Qd7 47. Qb6
Kh6 48. Bc6 Qf7 49. Be8 Qf8 50. Qc6 Be6 51. Bc7 Bxc7 52. Qxe6 Bd6 53. Ba4 Qb8
54. Bb3 a5 55. Qd7 Qc7 56. Qxc7 Bxc7 57. Bc2 Kg5 58. g3 Kf6 59. Kg2 h5 60. Bd1
Bd6 61. a4 Bc7 62. Bc2 Bd6 63. Bd1 1/2-1/2